000 00462nam a22001337a 4500
020 _a978 1258 360740
082 _aNR:338.45
_bFIR
100 _aFIRESTONE, Harvey Samuel
245 _aThe Romance and drama of the rubber industry
260 _aUS
_bThe Firestone Tire & Rubber Company
_c1932
300 _a135p.
650 _aRubber discovery
_a Rubber history
_aRubber in war
_aFirst rubber tree
_aFirst pneumatic tire
_aBritish Rubber Restriction Plan
942 _cBK
999 _c75092
_d75092